| 000 | 01368cam a2200301 i 4500 | ||
|---|---|---|---|
| 001 | 18188847 | ||
| 003 | PILC | ||
| 005 | 20160308151400.0 | ||
| 008 | 140616s2014 waua 001 0 eng | ||
| 010 | _a 2013478011 | ||
| 020 | _a9780735669130 (pbk.) | ||
| 020 | _a0735669139 (pbk.) | ||
| 040 |
_aDLC _beng _erda _cDLC |
||
| 042 | _apcc | ||
| 050 | 0 | 0 |
_aHD 30.215 _b.W783 2014 |
| 100 | 1 | _aWinston, Wayne L. | |
| 245 | 1 | 0 |
_aMicrosoft Excel 2013 : _bdata analysis and business modeling / _cWayne L. Winston. |
| 260 |
_aUS : _bMicrosoft, _c2014. |
||
| 300 |
_axxvi, 859 pages : _billustrations ; _c23 cm. |
||
| 500 | _aIncludes index. | ||
| 520 | _aMaster business modeling and analysis techniques with Microsoft Excel 2013, and transform data into bottom-line results. Written by award-winning educator Wayne Winston, this hands-on, scenario-focused guide shows you how to use the latest Excel tools to integrate data from multiple tables - and how to effectively build a relational data source inside an Excel workbook. | ||
| 630 | 0 | 0 | _aMicrosoft Excel (Computer file). |
| 650 | 0 |
_aIndustrial management _xStatistical methods _xComputer programs. |
|
| 650 | 0 |
_aDecision making _xComputer programs. |
|
| 906 |
_a7 _bcbc _corigres _d3 _encip _f20 _gy-gencatlg |
||
| 942 |
_2lcc _cBK |
||
| 999 |
_c291491 _d291491 |
||